Disney Movie Images - Click Quiz #1 - Statistics

General Stats
  • This quiz has been taken 119,799 times
  • The average score is 19 of 20
Answer Stats
Hint Answer % Correct
Aladdin
98%
Beauty and the Beast
98%
Frozen
98%
Cinderella
97%
The Lion King
97%
The Little Mermaid
97%
Moana
97%
One Hundred and One Dalmatians
97%
Pinocchio
97%
Bambi
96%
Dumbo
96%
Hercules
96%
The Jungle Book
96%
Tangled
95%
Mulan
94%
Peter Pan
94%
Encanto
93%
The Princess and the Frog
93%
Lady and the Tramp
91%
Pocahontas
90%
No matching quizzes found
Score Distribution
Percent of People with Each Score
Percentile by Number Answered
Your Score History
You have not taken this quiz